000 00658nam a2200193Ia 4500
003 GCL
008 140319s9999 xx 000 0 ara d
040 _aGCL /
_cGCL
082 0 4 _aد
_b050
_bد هـ
245 1 0 _aالهلال ابريل 1998 : الف ليلة وليلة 0 شهرزاد بين السخرية والاباحية
260 _aالقاهرة :
_bدار الهلال للطباعة والنشر ،
_c1998
650 0 4 _aالادب الشعبى
650 0 4 _aالف ليلة وليلة
650 0 4 _aالاساطير
650 0 4 _aاليهود
650 0 4 _aالاجهاض
650 0 4 _aالعلم والتكنولوجيا
942 _2ddc
_cCR
999 _c6751
_d6751